000 00423nam a2200157 i 4500
001 78179
003 ES-MaACL
005 20230906173558.0
007 t|
008 041013s1971 sp ||||1| spa d
100 1 _aHart, Johnny.
_961964
245 1 0 _a¿Qué hay de nuevo, B. C.? /
_cpor Johny Hart.
260 _aSan Sebastián :
_bBuru Lan,
_c[1971]
300 _a64 h. ;
_c18 cm.
852 _aES-MaACL
_jC-46061
_bR.80154
999 _c78179
_d78179